Dioceses & Ecclesiastical Provinces of the United States - Statistics

General Stats
  • This quiz has been taken 137 times
  • The average score is 91 of 183
Answer Stats
Answer % Correct
New York
93%
Boston
89%
Los Angeles
89%
Buffalo
87%
Portland in Maine
87%
Portland in Oregon
87%
San Francisco
87%
Chicago
84%
Galveston-Houston
84%
Austin
82%
Dallas
82%
Kansas City in Kansas
82%
Kansas City-St. Joseph
82%
Miami
82%
New Orleans
82%
Philadelphia
82%
Seattle
82%
St. Paul-Minneapolis
82%
Albany
80%
Columbus
80%
Indianapolis
80%
Washington
80%
Baltimore
79%
Cleveland
79%
Detroit
79%
Jackson
77%
Oklahoma City
77%
Phoenix
77%
San Diego
77%
St. Louis
77%
Atlanta
75%
El Paso
75%
Las Vegas
75%
Sacramento
75%
Cincinnati
74%
Memphis
74%
Salt Lake City
74%
Pittsburgh
72%
Providence
72%
Denver
70%
Milwaukee
70%
Nashville
70%
Orlando
70%
San Antonio
70%
Baton Rouge
69%
San Jose
69%
Anchorage
67%
Boise
67%
Louisville
67%
Springfield-Cape Girardeau
67%
Springfield in Illinois
67%
Springfield in Massachusetts
67%
Juneau
66%
Little Rock
66%
Oakland
66%
Charlotte
64%
Des Moines
64%
Honolulu
64%
Rochester
64%
Santa Fe
64%
Toledo
64%
Winona-Rochester
64%
Charleston
62%
Hartford
62%
Newark
62%
Omaha
62%
Reno
62%
Raleigh
61%
Wheeling-Charleston
61%
Birmingham
59%
Lansing
59%
Madison
59%
Fort Worth
57%
Syracuse
57%
Lincoln
56%
Richmond
56%
Savannah
56%
Tucson
56%
Mobile
54%
Trenton
54%
Tulsa
54%
Colorado Springs
52%
Erie
52%
Fort Wayne-South Bend
52%
Pensacola-Tallahassee
52%
Burlington
51%
Manchester
51%
Wichita
51%
Arlington
49%
Harrisburg
49%
Lexington
49%
Cheyenne
48%
Fresno
48%
Grand Rapids
48%
Green Bay
48%
Helena
48%
San Bernardino
48%
Sioux Falls
48%
Worcester
48%
Fairbanks
46%
San Juan
46%
Corpus Christi
44%
Great Falls-Billings
44%
Scranton
44%
Amarillo
43%
Baker
43%
Bridgeport
43%
Brooklyn
43%
Duluth
43%
Knoxville
43%
Lafayette in Indiana
43%
Lafayette in Louisiana
43%
Orange
43%
Laredo
41%
Wilmington
41%
Fargo
39%
Lubbock
39%
Shreveport
39%
Spokane
39%
Allentown
38%
Evansville
38%
Jefferson City
38%
Peoria
38%
Sioux City
38%
Brownsville
36%
Kalamazoo
36%
Alexandria
34%
Bismarck
34%
Gary
34%
St. Petersburg
34%
Youngstown
34%
Davenport
33%
St. Augustine
33%
Stockton
33%
Beaumont
31%
Biloxi
31%
Marquette
31%
Santa Rosa
31%
Altoona-Johnstown
30%
Lake Charles
30%
Monterey
30%
Dubuque
28%
Joliet
28%
La Crosse
28%
Pueblo
28%
Tyler
28%
Grand Island
26%
Houma-Thibodaux
26%
Las Cruces
26%
Rockford
26%
Camden
25%
Covington
25%
Dodge City
25%
Gallup
25%
Rapid City
25%
Salina
25%
New Ulm
23%
Norwich
23%
Owensboro
23%
Saginaw
23%
St. Cloud
23%
Victoria
23%
Gaylord
21%
Palm Beach
21%
Paterson
21%
San Angelo
21%
Steubenville
21%
Superior
21%
Yakima
21%
Fall River
20%
Metuchen
20%
Ogdensburg
20%
St. Thomas
20%
Crookston
18%
Greensburg
18%
Ponce
16%
Rockville Centre
16%
Mayagüez
15%
Venice
15%
Arecibo
11%
Belleville
11%
Caguas
2%
Fajardo-Humacao
2%
No matching quizzes found
Score Distribution
Percent of People with Each Score
Percentile by Number Answered
Your Score History
You have not taken this quiz